000 00390nam a2200169Ia 4500
008 230524s9999 xx 000 0 und d
020 _a8150545989
082 _a346.065
_bKAP
100 _aN.D.Kapoor
245 0 _aBusiness Law
250 _a2ND
260 _aNEW DELHI
_bS.Chand
_c2009
300 _aXVIII;458
500 _aQuantity Number: 15
650 _aManagement
942 _cBK
999 _c42947
_d42947